000
003130000a22001450004500
003
MACL
040
_a
MACL
090
_c
32713
_d
32711
100
_a
Sethi, Dr s
245
_a
Railway Recruitment Board
260
_b
Bright Careers institus
_c
2003
350
_a
110
650
_a
RailRoad
942
_c
BOOK
_k
385/Set
999
_c
32378
_d
32378